1533 1697 1326 1850 1086 1648 1243 1125 1191 1936 1033 1602 1535 1722 1989 1909 1903 1926 1369 1335 1373 1462 1578 1785 1614 1416 1549 1480 1857 1162 1027 1367 1677 1159 1068 1503 1477 1058 1552 1824 1563 1813 1258 1195 1494 1961 1429 1452 1621 1153 1106 1132 1620 1639 1032 1337 1703 1708 1443 1075 1260 1459 1363 1796 1522 1675 1605 1211 1997 1397 1313 1626 1885 1976 1235 1266 1086 1185 1637 1435 1931 1788 1917 1761 1850 1943 1893 1177 1902 1106 1204 1633 1098 1741 1800 1894 1285 1266 1680 BCNSPRNW ULIB Ver.6.0+V

เปลี่ยนเป็นภาษาไทย

Change to English
 แสดงรายละเอียดบรรณานุกรม
  กลับหน้าหลัก

Brief Record : Get Marc (ISO 2709) : E-mail record : QR code < ปิดหน้าต่าง
LEADER : 00000nam 2200000uu 4500
001    13399120681
003     ULIB
008    121004s2551||||th 000 0 tha d
020    ^a9789744140722
050 04 ^aBF637.S8^bS111A
100 1  ^aสตอลต์ซ, พอล จี.
245 10 ^aAQ พลังแห่งความสำเร็จ =^bAdversity quotient : turning obstacles into opportunities /^cPaul G. Stoltz ผู้เขียน ;แปลและเรียบเรียงโดย ธีระศักดิ์ กำบรรณารักษ์
246 31 ^aAdversity quotient : turning obstacles into opportunities
250    ^aพิมพ์ครั้งที่ 3 [แก้ไขและเพิ่มเติม].
260    ^aกรุงเทพฯ :^bบิสคิต,^c2551
300    ^a414 หน้า :^bภาพประกอบ ;^c21 ซม.
650  7 ^aความสำเร็จ^xแง่จิตวิทยา
650  7 ^aการจัดการตนเอง (จิตวิทยา)
700 0  ^aธีระศักดิ์ กำบรรณารักษ์,^eผู้แปล
700 12 ^aStoltz, Paul G.^tAdversity quotient : turning obstacles into opportunities
945    ^p295^l0^i15159
995    ^aวิภา
999 ^a ใช้งานได้ทุกระบบ
รายการนี้ยังไม่มีแท็ก
คุณยังไม่ได้ล็อกอิน คุณสามารถมีกิจกรรมร่วมกับเว็บไซต์ได้ แต่ต้องล็อกอินก่อน ::
  ล็อกอิน

รายการสื่อสารสนเทศ

ลำดับที่ ประเภท เลขเรียก/บาร์โค้ด สถานที่ สถานะ
1. วิทยาศาสตร์การแพทย์ และสุขภาพ
วิทยาศาสตร์การแพทย์ และสุขภาพ
BF637.S8 S111A  
  Barcode: 15159
ห้องสมุดวิทยาเขตสวรรค์ประชารักษ์
►หนังสือทั่วไป
บนชั้น

รายการใกล้เคียง
    ผู้แต่ง [สตอลต์ซ, พอล จี.]

    หัวเรื่อง [การจัดการตนเอง (จิตวิทยา)]

BibComment


ยังไม่เคยถูกคอมเมนท์

คอมเมนท์ทรัพยากรรายการนี้
  คอมเมนท์: AQ พลังแห่งความส..


 Copyright 2026. Bcnsprnw @Library